000 00536nam a2200193Ia 4500
005 20250508164812.0
008 008 250505s9999 xx 000 0 eng d
037 _aTheses
040 _aFEDL
_beng
_cFEDL
041 _aeng
_2eng
084 _a374, KAU/TH
_qFEDL
100 _aKaushal Savita
_9533171
245 0 _aFunctioning of distance education institutions in Delhi
260 _c2002
300 _av,381p.
546 _aPH.D Thesis (Delhi University)
942 _cTH
_h374, KAU/TH
999 _c1391273
_d1391273